Podpisz zdjęcia po angielsku #4 - Statystyki

Ogólne statystyki
  • Ten quiz został rozwiązany 92 razy
  • Średni wynik to 12 z 16
Statystyki odpowiedzi
Obrazkowy Odpowiedź % Poprawnych
Giraffe
96%
Shirt
93%
Cookie
92%
Bridge
89%
Snail
84%
Owl
79%
Pillow
78%
Turtle
76%
Backpack
74%
Hammer
72%
Crown
71%
Leaf
70%
Soap
63%
Brush
49%
Mailbox
47%
Saddle
30%
Nie znaleziono quizów pasujących do podanych kryteriów
Rozkład punktacji
Procent ludzi z każdym wynikiem
Percentyl według liczby udzielonych odpowiedzi
Twoja historia wyników
Nie rozwiązałeś tego quizu